000 00580nam a22001817a 4500
005 20251108170535.0
008 250721s1998 xx 000 0 ara d
082 1 4 _a414/عدس
100 1 _aأبو العدس، يوسف
245 1 0 _aالإستعارة في دراسات المستشرقين :
_bفلفهارت هاينريش نموذجاً /
264 1 _aعمان :
_bالأهلية للنشر و التوزيع،
_c1998.
300 _a214ص.
650 1 7 _aالبلاغة
650 1 7 _aالبيان
650 1 7 _aالإستعارة
942 _2ddc
_cBK
999 _c43006
_d43006